| 000 | 00383nam a2200169Ia 4500 | ||
|---|---|---|---|
| 008 | 221030s9999 xx 000 0 und d | ||
| 020 | _a9971513056 | ||
| 041 | _aEnglish | ||
| 082 |
_a105.23 _bHay |
||
| 100 | _aS. Haykin | ||
| 245 | 0 |
_aCommunication Systems _cby S. Haykin |
|
| 250 | _a4th | ||
| 260 |
_bJohn Wiley _aMumbai _c2002 |
||
| 300 | _a816 | ||
| 650 | _aECE | ||
| 942 | _cBK | ||
| 999 |
_c8006 _d8006 |
||